[Event "EU Small Countries ol 7th"]
[Site "Sliema"]
[Date "2021.11.29"]
[Round "3.5"]
[White "Mertens, Marc"]
[Black "Mooney, Graham"]
[Result "1-0"]
[WhiteElo "2128"]
[BlackElo "1896"]
[PlyCount "73"]
[EventDate "2021.11.28"]
[EventType "team-tourn"]
[EventRounds "9"]
[EventCountry "MLT"]
[SourceTitle "CBM 205 Extra"]
[Source "ChessBase"]
[SourceDate "2022.01.31"]
[SourceVersion "1"]
[SourceVersionDate "2022.01.31"]
[SourceQuality "1"]
[WhiteTeam "Luxembourg"]
[BlackTeam "Jersey"]
[WhiteTeamCountry "LUX"]
[BlackTeamCountry "GCI"]

1. e4 c5 2. Nf3 d6 3. d4 cxd4 4. Nxd4 Nf6 5. Nc3 g6 6. g3 Bg7 7. Bg2 0-0 8. 0-0 Nbd7 9. h3 Nc5 10. Re1 Rb8 11. a4 Bd7 12. a5 Na6 13. Be3 Nc7 14. Nd5 Nfxd5 15. exd5 e5 16. dxe6 fxe6 17. c3 Nd5 18. Nxe6 Nxe3 19. Rxe3 Bxe6 20. Rxe6 Rf6 21. Rxf6 Qxf6 22. Qd5+ Kh8 23. Re1 Rf8 24. f4 h5 25. h4 b6 26. a6 Qf7 27. Qxf7 Rxf7 28. Re6 Bf6 29. Bd5 Kg7 30. Kf2 Re7 31. Rxd6 b5 32. Kf3 b4 33. cxb4 Bxb2 34. Be4 Bf6 35. b5 Rc7 36. b6 Rc3+ 37. Rd3 1-0

[Event "LUX-chT 2016/17"]
[Site "Luxembourg"]
[Date "2017.04.02"]
[Round "10"]
[White "Mertens, Marc"]
[Black "Bakalarz, Mietek"]
[Result "1-0"]
[WhiteElo "2217"]
[BlackElo "2309"]
[PlyCount "103"]
[EventDate "2016.09.25"]
[EventType "team-tourn"]
[EventRounds "10"]
[EventCountry "LUX"]
[SourceTitle "EXT 2018"]
[Source "ChessBase"]
[SourceDate "2017.10.13"]
[SourceVersion "1"]
[SourceVersionDate "2017.10.13"]
[SourceQuality "1"]

1. e4 e5 2. f4 d5 3. exd5 exf4 4. Nf3 Nf6 5. Bc4 Nxd5 6. Nc3 Nxc3 7. dxc3 Qe7+ 8. Kf2 Qc5+ 9. Qd4 Nc6 10. Re1+ Be6 11. Qxc5 Bxc5+ 12. Kf1 0-0 13. Bd3 Bd6 14. Ng5 h6 15. Nxe6 fxe6 16. Rxe6 f3 17. g3 Ne5 18. Bf4 Nxd3 19. Bxd6 cxd6 20. cxd3 Rf5 21. Kf2 Raf8 22. g4 Rb5 23. b3 h5 24. h3 hxg4 25. hxg4 Rc5 26. c4 Rg5 27. Rg1 d5 28. c5 d4 29. b4 Kf7 30. Re4 a5 31. a3 axb4 32. axb4 b6 33. cxb6 Rb5 34. Rxd4 Rxb6 35. Rf4+ Kg8 36. Rxf8+ Kxf8 37. Rb1 Ke7 38. Kxf3 Rg6 39. Kf4 Rf6+ 40. Kg5 Rd6 41. Rb3 Kd7 42. b5 Kc7 43. b6+ Kb7 44. Kf5 Rf6+ 45. Ke5 Rf3 46. Ke4 Rg3 47. Kf4 Rh3 48. Kg5 Rg3 49. Kf5 g6+ 50. Kg5 Kc8 51. b7+ Kb8 52. Rb4 1-0

[Event "LUX-chT 2016/17"]
[Site "Luxembourg"]
[Date "2016.11.20"]
[Round "4"]
[White "Mertens, Marc"]
[Black "Dahdah, Nagib"]
[Result "1-0"]
[WhiteElo "2217"]
[BlackElo "2094"]
[PlyCount "53"]
[EventDate "2016.09.25"]
[EventType "team-tourn"]
[EventRounds "10"]
[EventCountry "LUX"]
[SourceTitle "EXT 2018"]
[Source "ChessBase"]
[SourceDate "2017.10.13"]
[SourceVersion "1"]
[SourceVersionDate "2017.10.13"]
[SourceQuality "1"]

1. e4 c5 2. Nf3 e6 3. d4 cxd4 4. Nxd4 Nc6 5. Nc3 Qc7 6. Nxc6 bxc6 7. Bd3 Nf6 8. Qe2 Bb4 9. Bd2 0-0 10. e5 Nd5 11. Qe4 g6 12. h4 Bxc3 13. bxc3 f5 14. Qe2 c5 15. h5 c4 16. Bxc4 Nxc3 17. Bxc3 Ba6 18. Rh4 Rac8 19. hxg6 hxg6 20. Qd2 Bxc4 21. Rh8+ Kf7 22. Rh7+ Ke8 23. Qg5 Qc5 24. Qxg6+ Kd8 25. Qg7 Rc7 26. a3 a5 27. Bd4 1-0

[Event "Olympiad-42"]
[Site "Baku"]
[Date "2016.09.12"]
[Round "10.4"]
[White "Mertens, Marc"]
[Black "Khader, Sami"]
[Result "0-1"]
[WhiteElo "2181"]
[BlackElo "2373"]
[PlyCount "46"]
[EventDate "2016.09.02"]
[EventType "team-swiss"]
[EventRounds "11"]
[EventCountry "AZE"]
[SourceTitle "CBM 175"]
[Source "ChessBase"]
[SourceDate "2016.11.10"]
[SourceVersion "1"]
[SourceVersionDate "2016.11.10"]
[SourceQuality "1"]
[WhiteTeam "Luxembourg"]
[BlackTeam "Jordan"]
[WhiteTeamCountry "LUX"]
[BlackTeamCountry "JOR"]

1. e4 g6 2. d4 Bg7 3. Nc3 d6 4. Be3 a6 5. Nf3 b5 6. Bd3 Bb7 7. Qd2 Nd7 8. 0-0 c5 9. Rfe1 e6 10. d5 e5 11. Nd1 Ngf6 12. c4 bxc4 13. Bc2 0-0 14. Qc3 Nxd5 15. exd5 e4 16. Qxc4 exf3 17. Be4 Ne5 18. Qc2 f5 19. Bxf3 Nxf3+ 20. gxf3 f4 21. Bd2 Qg5+ 22. Kh1 Bxd5 23. Qd3 c4 0-1

[Event "Olympiad-42"]
[Site "Baku"]
[Date "2016.09.09"]
[Round "7.4"]
[White "Mertens, Marc"]
[Black "Jurcik, Marian"]
[Result "0-1"]
[WhiteElo "2181"]
[BlackElo "2484"]
[PlyCount "70"]
[EventDate "2016.09.02"]
[EventType "team-swiss"]
[EventRounds "11"]
[EventCountry "AZE"]
[SourceTitle "CBM 175"]
[Source "ChessBase"]
[SourceDate "2016.11.10"]
[SourceVersion "1"]
[SourceVersionDate "2016.11.10"]
[SourceQuality "1"]
[WhiteTeam "Luxembourg"]
[BlackTeam "Slovakia"]
[WhiteTeamCountry "LUX"]
[BlackTeamCountry "SVK"]

1. e4 c5 2. Nf3 Nc6 3. d4 cxd4 4. Nxd4 g6 5. c4 Nf6 6. Nc3 d6 7. Nc2 Bg7 8. Be2 0-0 9. 0-0 Nd7 10. Bd2 a5 11. Na3 Nd4 12. Be3 Nxe2+ 13. Qxe2 b6 14. Nab5 Nc5 15. Rfd1 Bd7 16. Bg5 Ne6 17. Be3 Bxb5 18. Nxb5 Qb8 19. Rab1 Qb7 20. f3 a4 21. Qf2 Rfc8 22. b3 axb3 23. axb3 Ra6 24. Rd2 Rca8 25. g3 Bf6 26. h4 Be5 27. Nd4 Nc5 28. b4 Nd7 29. Kg2 Ra4 30. Rc2 Bg7 31. Ne2 Ra3 32. Nf4 e6 33. h5 g5 34. Ne2 g4 35. Rd2 Ne5 0-1

[Event "Olympiad-42"]
[Site "Baku"]
[Date "2016.09.04"]
[Round "3.4"]
[White "Mertens, Marc"]
[Black "Huguet Mainar, Sergio"]
[Result "1/2-1/2"]
[WhiteElo "2181"]
[BlackElo "2099"]
[PlyCount "71"]
[EventDate "2016.09.02"]
[EventType "team-swiss"]
[EventRounds "11"]
[EventCountry "AZE"]
[SourceTitle "CBM 175"]
[Source "ChessBase"]
[SourceDate "2016.11.10"]
[SourceVersion "1"]
[SourceVersionDate "2016.11.10"]
[SourceQuality "1"]
[WhiteTeam "Luxembourg"]
[BlackTeam "Honduras"]
[WhiteTeamCountry "LUX"]
[BlackTeamCountry "HON"]

1. e4 c5 2. Nf3 Nc6 3. d4 cxd4 4. Nxd4 g6 5. Nc3 Bg7 6. Nde2 Nf6 7. g3 d6 8. Bg2 0-0 9. 0-0 Bd7 10. h3 Rc8 11. Nd5 Nxd5 12. exd5 Ne5 13. a4 Qc7 14. c3 Rfe8 15. b3 Bf5 16. Ra2 Bd3 17. c4 Bxe2 18. Rxe2 Nd7 19. h4 Qb6 20. Bh3 Rc7 21. Bxd7 Rxd7 22. h5 a6 23. Re4 Qa5 24. Kg2 b5 25. Bd2 Bc3 26. hxg6 hxg6 27. Rh1 Bxd2 28. Qg4 Qd8 29. Re6 Bc3 30. Rxg6+ fxg6 31. Qxg6+ Bg7 32. Qe6+ Kf8 33. Qf5+ Kg8 34. Qe6+ Kf8 35. Qf5+ Kg8 36. Qe6+ 1/2-1/2

[Event "Luxembourg-chT 1415"]
[Site "Luxembourg"]
[Date "2015.03.29"]
[Round "10"]
[White "Mertens, Marc"]
[Black "Hartung, Jerry"]
[Result "1/2-1/2"]
[WhiteElo "2217"]
[BlackElo "2222"]
[PlyCount "65"]
[EventDate "2014.10.05"]
[EventType "team-tourn"]
[EventRounds "10"]
[EventCountry "LUX"]
[SourceTitle "EXT 2017"]
[Source "ChessBase"]
[SourceDate "2016.10.25"]
[SourceVersion "1"]
[SourceVersionDate "2016.10.25"]
[SourceQuality "1"]

1. e4 e5 2. Nf3 Nc6 3. Bb5 a6 4. Ba4 b5 5. Bb3 d6 6. c3 Be7 7. 0-0 Nf6 8. Qe2 0-0 9. a4 Bg4 10. Na3 Na5 11. Bc2 c6 12. d4 Qc7 13. b4 Nb7 14. Bb2 Rfc8 15. Rfc1 Nd7 16. Bb3 Nd8 17. c4 bxa4 18. Bxa4 exd4 19. Bxd4 c5 20. Bxd7 Qxd7 21. bxc5 Bxf3 22. Qxf3 dxc5 23. Bc3 Qe6 24. Rd1 Nc6 25. Rd5 Rab8 26. Rb1 Nd4 27. Qd3 Rxb1+ 28. Nxb1 Qb6 29. Nd2 a5 30. Nf3 Nxf3+ 31. Qxf3 Rd8 32. g3 a4 33. Qd1 1/2-1/2

[Event "Luxembourg-chT 1415"]
[Site "Luxembourg"]
[Date "2015.01.11"]
[Round "5"]
[White "Heinz, Timothee"]
[Black "Mertens, Marc"]
[Result "1-0"]
[WhiteElo "2350"]
[BlackElo "2217"]
[PlyCount "102"]
[EventDate "2014.10.05"]
[EventType "team-tourn"]
[EventRounds "10"]
[EventCountry "LUX"]
[SourceTitle "EXT 2017"]
[Source "ChessBase"]
[SourceDate "2016.10.25"]
[SourceVersion "1"]
[SourceVersionDate "2016.10.25"]
[SourceQuality "1"]

1. c4 Nf6 2. Nc3 d5 3. cxd5 Nxd5 4. Nf3 g6 5. e4 Nxc3 6. dxc3 Qxd1+ 7. Kxd1 f6 8. Be3 e5 9. Nd2 Be6 10. Bc4 Bxc4 11. Nxc4 Nd7 12. b4 a6 13. Kc2 Be7 14. Rhd1 0-0-0 15. Rd5 Nf8 16. Ra5 Ne6 17. Rb1 Kd7 18. Rd5+ Ke8 19. Na5 b6 20. Nc6 Rd6 21. Nb8 a5 22. bxa5 Kf7 23. Rxd6 Bxd6 24. Nc6 bxa5 25. Rb5 a4 26. Ra5 Rc8 27. Rxa4 Ke8 28. f3 f5 29. Ra5 fxe4 30. fxe4 Kd7 31. Nxe5+ Bxe5 32. Rxe5 Ra8 33. Rd5+ Kc6 34. Kb2 Ra4 35. Bd4 Nf4 36. Rc5+ Kd7 37. Kb3 Ra8 38. g3 Nd3 39. Rd5+ Ke6 40. Be3 Rb8+ 41. Kc2 Ne1+ 42. Kc1 Nf3 43. h4 Ra8 44. Kb2 Rb8+ 45. Ka1 Ne1 46. Rd2 Ra8 47. Bf4 Ra7 48. Rd1 Nf3 49. Kb2 Rb7+ 50. Kc2 Ne5 51. a4 Nc4 1-0

[Event "Luxembourg-chT 1314"]
[Site "Luxembourg"]
[Date "2014.03.16"]
[Round "8"]
[White "Mertens, Marc"]
[Black "Ackermann, Robert"]
[Result "1-0"]
[WhiteElo "2217"]
[BlackElo "2041"]
[PlyCount "33"]
[EventDate "2013.10.05"]
[EventType "team-tourn"]
[EventRounds "10"]
[EventCountry "LUX"]
[SourceTitle "EXT 2017"]
[Source "ChessBase"]
[SourceDate "2016.10.25"]
[SourceVersion "1"]
[SourceVersionDate "2016.10.25"]
[SourceQuality "1"]

1. e4 e5 2. Nf3 Nc6 3. Bb5 a6 4. Ba4 Nf6 5. d3 b5 6. Bb3 Be7 7. Bd5 Bd6 8. Bg5 h6 9. Bh4 Rb8 10. 0-0 g5 11. Bg3 Nxd5 12. exd5 Ne7 13. Nxe5 Bxe5 14. Bxe5 0-0 15. d6 cxd6 16. Bf6 Re8 17. Qh5 1-0

[Event "Luxembourg-chT 1213"]
[Site "Luxembourg"]
[Date "2013.04.10"]
[Round "7"]
[White "Baskewitsch, Pierre"]
[Black "Mertens, Marc"]
[Result "1/2-1/2"]
[WhiteElo "1939"]
[BlackElo "2217"]
[PlyCount "98"]
[EventDate "2012.10.??"]
[EventType "team-tourn"]
[EventRounds "10"]
[EventCountry "LUX"]
[SourceTitle "EXT 2017"]
[Source "ChessBase"]
[SourceDate "2016.10.25"]
[SourceVersion "1"]
[SourceVersionDate "2016.10.25"]
[SourceQuality "1"]

1. d4 Nf6 2. Bf4 d6 3. e3 g6 4. Nf3 Bg7 5. Be2 0-0 6. 0-0 Nbd7 7. c4 b6 8. Nc3 Bb7 9. Rc1 h6 10. d5 e5 11. dxe6 fxe6 12. Qc2 g5 13. Bg3 Nh5 14. Nd4 Nxg3 15. hxg3 Qf6 16. Ne4 Qf7 17. Bg4 Rae8 18. Nb5 Ne5 19. Be2 a6 20. Nbc3 g4 21. f3 gxf3 22. Bxf3 Nxf3+ 23. Rxf3 Qg6 24. Rf4 Be5 25. Rh4 Re7 26. Nf2 Rg7 27. Ng4 Bxg3 28. Nxh6+ Kh7 29. Rh3 Bf2+ 30. Kh2 Bxg2 31. Rh5 Rf5 32. Nxf5+ Qxh5+ 33. Nh4+ Kg8 34. Qxf2 Qg4 35. Nxg2 Rh7+ 36. Kg1 Qh3 37. Kf1 Rf7 38. Qxf7+ Kxf7 39. Re1 Qg4 40. e4 Ke7 41. Re3 Kd7 42. Kf2 Qg7 43. Rd3 Qe5 44. b3 b5 45. cxb5 axb5 46. a4 b4 47. Nb5 Qxe4 48. Ne1 d5 49. Rf3 Qh4+ 1/2-1/2

[Event "Luxembourg-chT 1213"]
[Site "Luxembourg"]
[Date "2013.03.10"]
[Round "6"]
[White "Berend, Elvira S"]
[Black "Mertens, Marc"]
[Result "1-0"]
[WhiteElo "2370"]
[BlackElo "2217"]
[PlyCount "161"]
[EventDate "2012.10.??"]
[EventType "team-tourn"]
[EventRounds "10"]
[EventCountry "LUX"]
[SourceTitle "EXT 2017"]
[Source "ChessBase"]
[SourceDate "2016.10.25"]
[SourceVersion "1"]
[SourceVersionDate "2016.10.25"]
[SourceQuality "1"]

1. e4 c5 2. Nf3 d6 3. g3 Nf6 4. d3 e6 5. Bg2 Be7 6. 0-0 0-0 7. e5 Nd5 8. Nbd2 Nc6 9. Nc4 dxe5 10. Nfxe5 Nd4 11. c3 Nf5 12. a4 Nd6 13. Qe2 Bf6 14. a5 Qc7 15. Ng4 Be7 16. Rd1 Bd7 17. a6 Bc6 18. axb7 Nxb7 19. Nge5 Be8 20. Bd2 a5 21. Na3 Rb8 22. Nec4 Bc6 23. Nc2 Rfd8 24. h4 a4 25. h5 h6 26. N2a3 Ra8 27. Ne5 Be8 28. Ng4 Bf8 29. Nc4 Ra6 30. Nge5 Na5 31. Nxa5 Rxa5 32. Re1 Ra7 33. Qf3 Rb8 34. Nc4 Bc6 35. Qe2 Rd8 36. Ne5 Be8 37. Qg4 Nf6 38. Qf3 Nd5 39. Ra2 Bd6 40. Ng4 Bf8 41. Qe2 Bc6 42. Ne5 Be8 43. Rea1 Rb8 44. Bc1 Bd6 45. Nc4 Bc6 46. Ra3 Rbb7 47. Bh3 Qb8 48. Kh2 Rd7 49. Bd2 Nb6 50. Nxb6 Qxb6 51. Be3 Qb7 52. R3a2 Bf3 53. Qc2 a3 54. bxa3 Qd5 55. Kg1 Qxh5 56. Bg2 Bxg2 57. Kxg2 Be7 58. d4 Qd5+ 59. Kg1 cxd4 60. cxd4 Rdc7 61. Qd1 h5 62. a4 h4 63. gxh4 Bxh4 64. a5 Ra6 65. Qg4 Bd8 66. Qg2 Qf5 67. Qf1 Rcc6 68. Rc1 Rd6 69. Rc5 e5 70. f3 Rg6+ 71. Kf2 Bh4+ 72. Ke2 Rge6 73. Qh1 Bd8 74. f4 Qg4+ 75. Qf3 Qxf3+ 76. Kxf3 exd4 77. Bxd4 f6 78. Rd5 Be7 79. Rb5 Bd8 80. Rb8 Red6 81. Bb6 1-0

[Event "Luxembourg-chT 1213"]
[Site "Luxembourg"]
[Date "2013.01.10"]
[Round "4"]
[White "Yankelevich, Lev"]
[Black "Mertens, Marc"]
[Result "1/2-1/2"]
[WhiteElo "2260"]
[BlackElo "2217"]
[PlyCount "29"]
[EventDate "2012.10.??"]
[EventType "team-tourn"]
[EventRounds "10"]
[EventCountry "LUX"]
[SourceTitle "EXT 2017"]
[Source "ChessBase"]
[SourceDate "2016.10.25"]
[SourceVersion "1"]
[SourceVersionDate "2016.10.25"]
[SourceQuality "1"]

1. e4 c5 2. Nf3 d6 3. Bb5+ Bd7 4. Bxd7+ Qxd7 5. 0-0 Nc6 6. c3 Nf6 7. Qe2 e6 8. d4 cxd4 9. cxd4 d5 10. e5 Ne4 11. Be3 Be7 12. Nfd2 Nxd2 13. Nxd2 0-0 14. Qg4 Rfe8 15. Bh6 1/2-1/2

[Event "Luxembourg-chT 1314"]
[Site "Luxembourg"]
[Date "2013.??.??"]
[Round "2"]
[White "Mertens, Marc"]
[Black "Osieka, Udo"]
[Result "1/2-1/2"]
[WhiteElo "2217"]
[BlackElo "2250"]
[PlyCount "83"]
[EventDate "2013.10.05"]
[EventType "team-tourn"]
[EventRounds "10"]
[EventCountry "LUX"]
[SourceTitle "EXT 2017"]
[Source "ChessBase"]
[SourceDate "2016.10.25"]
[SourceVersion "1"]
[SourceVersionDate "2016.10.25"]
[SourceQuality "1"]

1. e4 c5 2. Nf3 Nc6 3. d4 cxd4 4. Nxd4 Nf6 5. Nc3 d6 6. g3 g6 7. Nde2 b6 8. Bg2 Ba6 9. 0-0 Bg7 10. Re1 Rc8 11. a4 0-0 12. Nb5 Nd7 13. c3 Bb7 14. b3 a6 15. Nbd4 Nc5 16. Nxc6 Bxc6 17. Nd4 Ba8 18. Rb1 Qd7 19. c4 Rfe8 20. Nc2 Rcd8 21. Nb4 Qa7 22. Bb2 e6 23. Bxg7 Kxg7 24. Rb2 Qc7 25. Rd2 Bb7 26. Re3 a5 27. Na2 Bc6 28. Nc3 Qb7 29. h4 Qc7 30. Ne2 e5 31. Nc3 Ne6 32. Bh3 Nc5 33. Nd5 Bxd5 34. Rxd5 Rf8 35. Re2 Rfe8 36. f3 Rf8 37. Red2 Nb7 38. Qe2 Nc5 39. Qe3 Rfe8 40. h5 Qe7 41. Rh2 h6 42. hxg6 1/2-1/2